000 00526nam a22002057a 4500
001 1337
005 20230818083634.0
008 230818b cb ||||| |||| 00| 0 eng d
040 _aFISKH
_beng
_cFISKH
_dFISKH
082 _a808.068
100 _aAnonymous
245 _aBaby Goofy's missing mitten
260 _bDisney
_c1988
300 _a6 unnumbered pages :
_c18 cm.
505 _aD
520 _aThis is "a book about matching."
521 _a310
_bLexile estimate
521 _aD
_bRaz-Plus
942 _2ddc
_cBK
_n0
999 _c1337
_d1337